Top 10 des livres les plus vendus de l'Histoire en Franc- SensCritique - Statistiques

Statistiques générales
  • Ce quiz a été pris 46 fois
  • Le résultat moyen est 4 sur 10
Statistiques - réponses
Box-office % Correct
1er La Bible
95%
2nd Le Coran
90%
9e Harry Potter à l'école des sorciers
76%
8e Le Petit Prince
48%
6e Le Seigneur des anneaux - Intégrale
45%
3e Le Petit Livre rouge
12%
7e Bilbo le Hobbit
10%
4e Don Quichotte
10%
10e Ils étaient dix
5%
5e Un conte de deux villes
2%
Aucun quiz correspondant
Distribution des résultats
% des personnes avec chaque résultat
Percentile par nombre de réponses
Votre historique - résultats
Vous n’avez pas pris ce quiz